000 00844nam a2200217Ia 4500
008 130821s1961 xxuab gr eng
040 _aCo-BoUCM
_bspa
041 0 0 _aeng
100 1 _aMecham, John Lloyd
_d1893-1992.
245 1 4 _aThe United States and inter-American security 1889-1960
_cJ. Lloyd Mecham
260 _aAustin (Texas, Estados Unidos)
_bUniversity of Texas Press
_cc1961
300 _axii, 514 páginas
_bmapas
500 _aIncluye índices.
504 _aBibliografía: p. [485]-489.
610 1 7 _aOrganización de Estados Americanos. OEA
650 0 4 _aSeguridad internacional
_924104
651 7 _aAmérica Latina
_xPolítica y gobierno
_926570
651 7 _aEstados Unidos
_bRelaciones internacionales
_zAmérica Latina
_97595
942 _cLIBRO
_a6
_e1
_mM486
_2DEWEY
_h327.7308
999 _c62926
_d62926